| 000 | 00593nam a2200205 a 4500 | ||
|---|---|---|---|
| 005 | 20240228064310.0 | ||
| 008 | 170912s2006 mx r 000 0 spa d | ||
| 020 | _a1404274820 | ||
| 035 | _aUPN01000220436 | ||
| 049 | _aI | ||
| 050 | 4 |
_aPZ76.3 _bS6.3 |
|
| 100 | 1 |
_aSnyder, Jane _942720 |
|
| 245 | 1 | 0 |
_aAnimales en el inverno / _cJane Snyder. |
| 260 |
_aChina : _bRosen Classroom Books & Materials, _c2006. |
||
| 300 |
_a8 p. : _bil. col. |
||
| 650 | 7 |
_aAnimales _vLiteratura infantil _2 _91061 |
|
| 650 | 4 |
_aLibros y lectura para niƱos _92290 |
|
| 905 | _aInfantil | ||
| 999 |
_c192535 _d192535 |
||